| 000 | 02342nmm a22004097i 4500 | ||
|---|---|---|---|
| 001 | 768714001 | ||
| 003 | CO-MdFUSB | ||
| 005 | 20250731124546.0 | ||
| 007 | ca aa aaaaaaaa | ||
| 008 | 180411s2017 ck ||||| |||| 00| 0 spa d | ||
| 040 |
_aCO-MdFUSB _bEspañol _cCO-MdFUSB _dCO-MdFUSB |
||
| 041 | _aspa | ||
| 043 | _ack | ||
| 084 | _aT CD0086 | ||
| 100 |
_aRamos, Manuel A., _eautor |
||
| 245 | 0 | 0 |
_aAnálisis narrativo y retórico de dos discursos de Pedro en Hechos _c/ Manuel A. Ramos ; asesorado por Jhohan Centeno _h[electrónico] |
| 264 | 1 |
_aMedellín, Colombia : _bFundación Universitaria Seminario Bíblico de Colombia, _c[2018] |
|
| 300 | _a17 páginas | ||
| 336 |
_2rdacontent _atexto _btxt |
||
| 337 |
_2rdamedia _ainformático _bc |
||
| 338 |
_2rdacarrier _aremoto _bcr |
||
| 502 |
_aTrabajo de grado _b(Teología) -- _cFundación Universitaria Seminario Bíblico de Colombia; _d2018 |
||
| 504 | _aBibliografía (página 16-17) | ||
| 506 | _aPréstamo en sala | ||
| 520 | _aEl libro de Hechos, por su naturaleza narrativa y gran contenido discursivo, demanda que el lector se acerque al estudio de este libro teniendo en cuenta pautas apropiadas que permitan un mayor aprovechamiento de su ejercicio. El análisis narrativo y retórico provee pautas que guían al estudiante de la Palabra de Dios a descubrir la manera en que los autores presentan sus mensajes para cumplir con su propósito comunicativo. En este estudio se demostró la riqueza del análisis narrativo y retórico en dos discursos de Pedro en Hechos. Se observó cuál es la función que cumplen estos discursos dentro de la narrativa del libro de Hechos y la relación que tienen con el resto de la revelación bíblica, comprobando la importancia de la intertextualidad bíblica y el uso que los mismos autores le dieron a esta para interpretar los hechos en los que se encontraban envueltos. | ||
| 535 | _aRecurso en REPCI | ||
| 590 | _aPréstamo en sala | ||
| 630 | 7 |
_aBiblia. _pHechos _vTrabajo de grados _xCrítica, interpretación, etc. |
|
| 653 | _aPersonas en situación de desplazamiento | ||
| 653 | _aOrganizaciones | ||
| 653 | _aAyuda espiritual | ||
| 653 | _aAlojamiento | ||
| 700 |
_aCenteno, Jhohan, _easesor _990 |
||
| 856 |
_aREPCI _uhttps://repositorio.repci.co/handle/123456789/407 |
||
| 942 | _cTG | ||
| 999 |
_c64732 _d64732 |
||